Barry's advanced construction of buildings / (Record no. 2682)

MARC details
000 -LEADER
fixed length control field 01110nac a22002771u 4500
010 ## - LIBRARY OF CONGRESS CONTROL NUMBER
LC control number 2005017736
020 ## - INTERNATIONAL STANDARD BOOK NUMBER
International Standard Book Number 1405110546 (alk. paper)
020 ## - INTERNATIONAL STANDARD BOOK NUMBER
International Standard Book Number 9781405110549
035 ## - SYSTEM CONTROL NUMBER
System control number (OCoLC)ocm60776630
082 00 - DEWEY DECIMAL CLASSIFICATION NUMBER
Classification number 690
Item number Em66
090 ## - LOCALLY ASSIGNED LC-TYPE CALL NUMBER (OCLC); LOCAL CALL NUMBER (OCLC)
-- 2682
-- 2682
100 ## - MAIN ENTRY--PERSONAL NAME
Personal name Emmitt, Stephen.
245 10 - TITLE STATEMENT
Title Barry's advanced construction of buildings /
Statement of responsibility, etc Stephen Emmitt and Christopher A. Gorse.
246 3# - VARYING FORM OF TITLE
Title proper/short title Advanced construction of buildings
260 ## - PUBLICATION, DISTRIBUTION, ETC. (IMPRINT)
Place of publication, distribution, etc Oxford ;
-- Malden, MA :
Name of publisher, distributor, etc Blackwell Pub.,2006
Date of publication, distribution, etc 2006.
300 ## - PHYSICAL DESCRIPTION
Extent x, 625 p. :
Other physical details ill. ;
Dimensions 25 cm.
500 ## - GENERAL NOTE
General note Revision of volumes 3, 4 & 5 of Construction of buildings by Robin Barry.
504 ## - BIBLIOGRAPHY, ETC. NOTE
Bibliography, etc Includes bibliographical references (p. 619-620) and index.
504 ## - BIBLIOGRAPHY, ETC. NOTE
Bibliography, etc Includes web resources.
650 #0 - SUBJECT ADDED ENTRY--TOPICAL TERM
Topical term or geographic name as entry element Building.
700 1# - ADDED ENTRY--PERSONAL NAME
Personal name Gorse, Christopher A.
700 1# - ADDED ENTRY--PERSONAL NAME
Personal name Barry, R.
Fuller form of name (Robin).
856 41 - ELECTRONIC LOCATION AND ACCESS
Materials specified Table of contents
Uniform Resource Identifier <a href="http://www.loc.gov/catdir/toc/ecip0515/2005017736.html">http://www.loc.gov/catdir/toc/ecip0515/2005017736.html</a>
942 ## - ADDED ENTRY ELEMENTS (KOHA)
Item type Book - Borrowing
Call number prefix 690Em66
Holdings
Withdrawn status Item status Source of classification or shelving scheme Damaged status Not for loan Home library Current library Shelving location Date acquired Source of acquisition Cost, normal purchase price Total Checkouts Total Renewals Full call number Barcode Checked out Date last seen Date last borrowed Cost, replacement price Koha item type
    Dewey Decimal Classification     Central Library Central Library First floor 28/02/2007 Purchase 450.00 4 43 690 EMM 000001556 14/05/2026 29/09/2021 29/09/2021 562.50 Book - Borrowing